| 000 | 00391nam a2200169Ia 4500 | ||
|---|---|---|---|
| 008 | 210210b1936 xxu||||| |||| 00| 0 eng d | ||
| 041 | _aeng | ||
| 082 | _a543/34 | ||
| 100 | _aCHAKRAVARTI (D) | ||
| 245 | _aIntermediate chemistry | ||
| 260 |
_aCalcutta _b- _c1936 |
||
| 300 | _a589 | ||
| 650 | _aIntermediate | ||
| 650 | _achemistry | ||
| 690 | _aInorganic Chemistry | ||
| 906 | _a009386 | ||
| 999 |
_c126835 _d126835 |
||